Países en Inglés - Estadísticas

Estadísticas generales
  • Esta prueba ha sido intentada 107 veces
  • La puntuación promedio es 18 de 20
Estadísticas de respuestas
Inglés Español % Correcto
Belgium Bélgica
99%
Greece Grecia
99%
Germany Alemania
98%
Denmark Dinamarca
98%
South Korea Corea del Sur
97%
Spain España
97%
United States Estados Unidos
97%
Philippines Filipinas
97%
Morocco Marruecos
97%
Poland Polonia
97%
United Kingdom Reino Unido
95%
Norway Noruega
94%
Sweden Suecia
94%
Switzerland Suiza
93%
Netherlands Países Bajos
91%
Cyprus Chipre
85%
Myanmar / Burma Birmania
79%
Latvia Letonia
78%
Ivory Coast Costa de Marfil
76%
Saint Kitts and Nevis San Cristóbal y Nieves
63%
No se encontraron pruebas coincidentes
Distribución de puntuación
Porcentaje de gente con cada puntuación
Porcentaje por número respondido
Historial de tus puntuaciones
No has intentado esta prueba.